Derecho civil: parte preliminar y parte general

Na minha lista:
Detalhes bibliográficos
Autor principal: Alessandri Rodríguez, Arturo (autor)
Formato: Livro
Idioma:espanhol
Publicado em: Santiago Jurídica Ediar Cono Sur 1990
Edição:5a. ed
Assuntos:
Tags: Adicionar Tag
Sem tags, seja o primeiro a adicionar uma tag!

MARC

LEADER 00000nam a2200000 a 4500
001 UCV1615
003 CL-VaPUC
008 900903e19900000CL |||||||||||||||||spa|d
082 0 4 |a 346.83  |b ALE  |2 21 
100 |a Alessandri Rodríguez, Arturo  |e autor  |9 605353 
245 1 0 |a Derecho civil: parte preliminar y parte general 
250 |a 5a. ed 
300 |a v 
942 |c BK 
945 |d 19900903 00:00:00  |a aalvarez 
260 |a Santiago  |b Jurídica Ediar Cono Sur  |c 1990 
650 0 |a Derecho civil  |9 255013 
651 7 |a CHILE  |2 CL-VaPUC  |9 295909 
583 |a last modification  |c 19900903 00:00:00  |k Rodrigo Vera 
999 |c 209535  |d 209533 
952 |0 0  |1 0  |4 0  |6 346_830000000000000_ALE_1990  |7 0  |8 A  |9 185003  |a BIBDER  |b BIBDER  |d 2019-11-14  |h v.1  |i 4010388  |l 5  |m 2  |o 346.83 ALE 1990  |p 4010388  |r 2025-04-04  |s 2025-03-20  |w 2019-11-14  |y BK  |k DER 
952 |0 0  |1 0  |4 0  |6 346_830000000000000_ALE_1990  |7 0  |8 A  |9 185004  |a BIBDER  |b BIBDER  |d 2019-11-14  |h v.2  |i 4010396  |l 6  |o 346.83 ALE 1990  |p 4010396  |r 2024-10-16  |s 2024-10-14  |w 2019-11-14  |y BK  |k DER